| 000 | 01125nam a2200337 i 4500 | ||
|---|---|---|---|
| 001 | 38648 | ||
| 003 | KOSZ 005 | ||
| 005 | 20220308143833.0 | ||
| 008 | 001010s2000 pl f |000 0 pol d | ||
| 020 | _a8387014257 | ||
| 040 |
_cKOSZ 005 _aKOSZ 005 _dKOSZ 005/HR |
||
| 041 | 1 |
_apol _heng |
|
| 046 | _k2000 | ||
| 080 | _a336.71/.76 | ||
| 100 | 1 |
_aLee, Tim _d(1959- ) _eAutor |
|
| 245 | 1 | 0 |
_aEkonomia dla inwestorów giełdowych / _cTim Lee ; przeł. Ewa Marta Syczewska. |
| 246 |
_iTyt. oryg.: _aEconomics for professional investors |
||
| 260 |
_aWarszawa : _bWIG PRESS, _c2000. |
||
| 300 |
_a216 s. : _bwykr. ; _c24 cm. |
||
| 380 | _aKsiążki | ||
| 388 | _a1901-2000 | ||
| 388 | _a1989-2000 | ||
| 500 | _aTyt. oryg.: "Economics for professional investors", 2nd ed., 1998. | ||
| 504 | _aIndeks. | ||
| 650 | 7 | _aGiełda papierów wartościowych | |
| 650 | 7 | _aRynek finansowy | |
| 650 | 7 | _aPolityka pieniężna | |
| 658 | _aGospodarka, ekonomia, finanse | ||
| 856 |
_uhttp://koha.tu.koszalin.pl/cgi-bin/koha/opac-detail.pl?biblionumber=38648 _yKatalog online BPK |
||
| 942 |
_cKS _2UKD |
||
| 999 |
_c38648 _d38648 |
||